Kto stráca pôdu, stráca chlieb Vývoj poľnohospodárskeho pôdneho fondu v Západoslovenskom kraji

Bibliographic Details
Main Author: ská (Author)
Format: Article
Language:Slovak
Subjects:

MARC

LEADER 00000nab a2200000 a 4500
001 vtls000266182
003 SK-MaSNL
005 20260305030204.0
008 111130c1986 xo 0 slo
015 |a SNBRB19rr/mm-uuuuu 
035 |a CL0276296 
040 |a SNKBUCL  |b slo  |c SNKBUCL  |e AACR2 
041 0 |a slo 
044 |a xo  |c SK 
080 |a 631.47  |2 1981 
100 1 |a ská  |4 aut  |9 1207727 
245 1 0 |a Kto stráca pôdu, stráca chlieb  |b Vývoj poľnohospodárskeho pôdneho fondu v Západoslovenskom kraji  |c ská 
650 0 7 |a poľnohospodárska pôda  |2 snkbucl  |9 31794 
650 0 7 |a pôdny fond  |2 snkbucl  |9 2348 
651 7 |a 5200  |2 snkbucl  |9 352126 
651 7 |a Západoslovenský kraj (Slovensko)  |2 snkbucl  |9 161528 
655 7 |a články z novín a časopisov  |2 snkbucl  |9 267496 
773 0 |t Národné výbory  |g Č. 24 (1986), s. 19 
850 |a Slovenská národná knižnica v Martine  |a MTA001 
852 |a SNK  |b KIS3GCP 
958 |a RK 
992 |a RBX 
999 |c 3309639  |d 3311569